MARC details
| 000 -CABECERA |
| campo de control de longitud fija |
01108cam a2200313 a 4500 |
| 001 - NÚMERO DE CONTROL |
| campo de control |
000013449 |
| 005 - FECHA Y HORA DE LA ÚLTIMA TRANSACCIÓN |
| campo de control |
20200929163231.0 |
| 008 - DATOS DE LONGITUD FIJA--INFORMACIÓN GENERAL |
| campo de control de longitud fija |
020605s2001 ve a 001 0 spa d |
| 020 ## - NÚMERO INTERNACIONAL ESTÁNDAR DEL LIBRO |
| Número Internacional Estándar del Libro |
9803171798 |
| 035 ## - NÚMERO DE CONTROL DEL SISTEMA |
| Número de control de sistema |
(CSt)(Sirsi)a4735533 |
| 035 ## - NÚMERO DE CONTROL DEL SISTEMA |
| Número de control de sistema |
(CStRLIN)CSUGA4735533-B |
| 040 ## - FUENTE DE LA CATALOGACIÓN |
| Centro catalogador/agencia de origen |
DO-SdBNP |
| -- |
cEL |
| -- |
dNOC |
| Centro/agencia modificador |
CSt |
| -- |
DLC |
| 042 ## - CÓDIGO DE AUTENTICACIÓN |
| Código de autenticación |
lccopycat |
| 043 ## - CÓDIGO DE ÁREA GEOGRÁFICA |
| Código de área geográfica |
cl----- |
| 050 00 - SIGNATURA TOPOGRÁFICA DE LA BIBLIOTECA DEL CONGRESO |
| Número de clasificación |
JL959.5.D42 |
| Número de documento/Ítem |
M47 2001 |
| 082 ## - NÚMERO DE LA CLASIFICACIÓN DECIMAL DEWEY |
| Número de clasificación |
nnn |
| Número de documento/Ítem |
M553 |
| 049 ## - FONDOS LOCALES (OCLC) |
| Fondos de biblioteca |
Z39 |
| 245 00 - MENCIÓN DE TÍTULO |
| Título |
Mercados globales y gobernabilidad local : |
| Resto del título |
retos para la descentralizació / |
| Mención de responsabilidad, etc. |
Hans Jürgen Burchardt, Haroldo Dilla Alfonso, editores. |
| 260 ## - PUBLICACIÓN, DISTRIBUCIÓN, ETC. |
| Lugar de publicación, distribución, etc. |
Caracas : |
| Nombre del editor, distribuidor, etc. |
Nueva Sociedad, |
| Fecha de publicación, distribución, etc. |
2001. |
| 300 ## - DESCRIPCIÓN FÍSICA |
| Extensión |
227 p. : |
| Otras características físicas |
il. ; |
| Dimensiones |
23 cm. |
| 504 ## - NOTA DE BIBLIOGRAFÍA, ETC. |
| Nota de bibliografía, etc. |
Incluye referencias bibliografical. |
| 650 #0 - PUNTO DE ACCESO ADICIONAL DE MATERIA--TÉRMINO DE MATERIA |
| Término de materia o nombre geográfico como elemento de entrada |
Decentralization in government |
| Subdivisión geográfica |
Latin America. |
| 9 (RLIN) |
30710 |
| 650 #0 - PUNTO DE ACCESO ADICIONAL DE MATERIA--TÉRMINO DE MATERIA |
| Término de materia o nombre geográfico como elemento de entrada |
Globalization. |
| 9 (RLIN) |
29696 |
| 651 #0 - PUNTO DE ACCESO ADICIONAL DE MATERIA--NOMBRE GEOGRÁFICO |
| Nombre geográfico |
Latin America |
| Subdivisión general |
Politics And Government |
| Subdivisión cronológica |
1980- |
| 9 (RLIN) |
30711 |
| 651 #0 - PUNTO DE ACCESO ADICIONAL DE MATERIA--NOMBRE GEOGRÁFICO |
| Nombre geográfico |
Latin America |
| Subdivisión general |
Foreign Relations. |
| 9 (RLIN) |
30712 |
| 700 1# - PUNTO DE ACCESO ADICIONAL--NOMBRE DE PERSONA |
| Nombre de persona |
Burchardt, Hans-Jürgen. |
| 9 (RLIN) |
30396 |
| 700 1# - PUNTO DE ACCESO ADICIONAL--NOMBRE DE PERSONA |
| Nombre de persona |
Dilla Alfonso, Haroldo. |
| 9 (RLIN) |
5199 |
| 910 ## - DATOS DE OPCIÓN DEL USUARIO (OCLC) |
| Datos de opción del usuario |
Catalogación por copia/LC |